Flags of Canadian Provincial Capitals Quiz - Statistics

General Stats
  • This quiz has been taken 22 times
  • The average score is 6 of 10
Answer Stats
Picture Answer % Correct
Toronto
100%
Quebec City
79%
Winnipeg
79%
Halifax
74%
Victoria
63%
Regina
58%
Fredericton
53%
Charlottetown
47%
St. John's
47%
Edmonton
42%
No matching quizzes found
Score Distribution
Percent of People with Each Score
Percentile by Number Answered
Your Score History
You have not taken this quiz